000
00237nam a2200097Ia 4500
001
1115346
005
20250827004025.0
008
250824s9999 xx 000 0 und d
245
0
_a
KENDİN ARAMAK
_c
İHSAN FAZLI OĞLU
260
_b
KETEBE
999
_c
1115346
_d
1115346